000 00846cam a2200313 i 4500
001 0000435
003 DO-SdBPM
005 20250707131123.0
007 ta
008 100514s 20uu cl || 000 f spa
015 _a
017 _a
_b
035 _a
040 _aDO-SdBPM
_bspa
_cBPMSU
_e rda
080 _a
082 4 _aCo863.5
_bI73m
_222
100 1 _aIsaacs, Jorge
_d 1837-1895.
_eautor
245 1 0 _aMaría /
_cJorge Isaacs.
_h
264 _a[Colombia]:
_bDistribuidora Escar,
_c[200-].
300 _a82 páginas :
_c21cm
336 _atexto
_btxt
_2rdacontent
337 _asin mediación
_bn
_2rdamedia
338 _avolumen
_bnc
_2rdacarrier
590 _aInventariado, 2025/VM
650 7 _a Novela amorosa colombiana
650 7 _aNovela colombiana
910 _aVMateo V. Control de calidad. BPMSU
942 _2ddc
_cBK
999 _c10524
_d10524